El fin de la dinastía rusa

Uloženo v:
Podrobná bibliografie
Hlavní autor: Campo de Barcellos, Lucía del (Autor)
Médium: Kniha
Jazyk:španělština
Vydáno: Valparaíso Victoria 1930
Témata:
Tagy: Přidat tag
Žádné tagy, Buďte první, kdo vytvoří štítek k tomuto záznamu!

MARC

LEADER 00000nam a2200000 a 4500
001 UCQ6913
003 CL-VaPUC
008 981023e19300000CL |||||||||||||||||spa|d
082 0 4 |a Ch863  |b CAM  |2 21 
100 0 |a Campo de Barcellos, Lucía del  |e author  |9 420839 
245 1 3 |a El fin de la dinastía rusa 
300 |a 204 p 
942 |c BK 
945 |d 19981023 00:00:00  |a crobeson 
260 |a Valparaíso  |b Victoria  |c 1930 
650 0 |a Novelas chilenas   |9 265425 
650 0 |a Literatura chilena   |9 308278 
583 |a last modification  |c 19981023 00:00:00  |k Rodrigo Vera 
999 |c 276810  |d 276808 
952 |0 0  |1 0  |4 0  |6 CH_863_000000000000000_CAM_1930  |7 0  |8 A  |9 314291  |a BIBEDU  |b BIBEDU  |d 2019-11-20  |i 148625K  |o Ch863 CAM 1930  |p 148625K  |r 2019-11-20  |w 2019-11-20  |y BK  |k LIT